| 000 | 01624nas a2200397 i 4500 | ||
|---|---|---|---|
| 001 | 194042 | ||
| 003 | SpMaBN | ||
| 005 | 20250217134943.0 | ||
| 008 | 240326d1918191usp mr 0uuub0spa | ||
| 016 | 7 |
_abiseBNE19970014151 _2SpMaBN _zREB1996021359 |
|
| 022 | 0 |
_a2488-7366 _y9975-5866 _2 _u |
|
| 035 | _a(OCoLC)436634784 | ||
| 035 | _abise0000051464 | ||
| 040 |
_aSpMaBN _bspa _cSIC |
||
| 080 | _a929.6(460.22) | ||
| 245 | 0 | 0 |
_aLinajes de la Corona de Aragón : _brevista mensual ilustrada : reseña histórica genealógica y heráldica de las familias de la antigua corona de Aragón / _cdirigida por Gregorio García Ciprés. |
| 260 |
_aHuesca : _b[s.n.], _c1918- 1920 _f(Establecimiento Tipográfico de la Viuda de Leandro Pérez) |
||
| 300 |
_a3 v. : _bil. ; _c23 cn. |
||
| 310 | _aMensual | ||
| 336 |
_2rdacontent _atexto |
||
| 337 |
_2rdamedia _asin mediación |
||
| 338 |
_2rdacarrier _avolumen |
||
| 362 | 0 | _a2ª época,T. 1, n. 1 (1 en. 1918)-t. 3, n. 5 (1 mayo 1920) | |
| 530 | _aDisponible en formato digital. | ||
| 650 | 0 | 4 |
_913311 _aHeráldica- _zAragón |
| 651 | 0 |
_aAragón _xGenealogía _2embne _9235651 |
|
| 655 |
_aRevistas _9226866 |
||
| 700 | 1 |
_aGarcía Ciprés, Gregorio _954371 _ecnd |
|
| 780 | 0 | 0 |
_w194041 _0194042 _tLinajes de Aragón |
| 852 |
_aES-MaACL _jG-6405-07 |
||
| 856 | 4 | 1 |
_31918-1920 _uhttp://bibliotecavirtual.aragon.es/i18n/consulta/registro.cmd?id=4327 _yVersión en línea _zBiblioteca Virtual de Aragón |
| 866 | 0 | _o1918-1920 | |
| 942 |
_2udc _n0 _cPERIODICA |
||
| 955 | _bOrex Digital | ||
| 999 |
_c194042 _d194042 |
||